| 000 | 00431nam a2200193Ia 4500 | ||
|---|---|---|---|
| 003 | LK-CoDNM | ||
| 008 | 010623t xxu||||| |||| 00| 1 eng d | ||
| 040 |
_aLK-CoDNM _dLK-CoDNM _eLK-CoDNM |
||
| 041 | _aeng | ||
| 080 | _a14 C 31 | ||
| 100 | _aVandort,E.F. | ||
| 245 | _aGuide to Colombo | ||
| 300 | _b66p,ill,3Maps., 14 cm | ||
| 650 | _aBoat Fares | ||
| 650 | _aCoins | ||
| 650 | _aFort | ||
| 650 | _aRickshaws | ||
| 942 | _cBK | ||
| 999 |
_c134525 _d134525 |
||